000 00438nab a2200145 4500
003 ES-SlBCS
005 20210327224348.0
008 140325s2013 ii ||||| |||| 00| 0 eng d
040 _aES-SlBCS
_bspa
100 1 0 _aPereparambil, Francis
_9124839
245 1 4 _aThe Popes and Papacy
_cFrancis Pereparambil
610 0 4 _aIglesia Católica
_91889
773 0 _gVol. 119, Nº 3, 2013, págs. 134-155
_tThe Living Word
_wRev256
942 _2lcc
_cAR
999 _c498337
_d498337